[Event "1.Deut.ChessOrgAmatPok Voelklingen GrC"]
[Site "?"]
[Date "2000.10.14"]
[Round "9"]
[White "Kirschner, Gerhard Dr."]
[Black "van Hove, Ode"]
[Result "0-1"]
[WhiteElo "1401"]
[BlackElo "1447"]
[PlyCount "92"]
[EventDate "2000.??.??"]

1. d4 Nf6 2. c4 e5 3. dxe5 Ng4 4. Bf4 Nc6 5. Nf3 Bb4+ 6. Nbd2 Qe7 7. e3 Ngxe5
8. Nxe5 Nxe5 9. Be2 a6 10. a3 Bc5 11. O-O d6 12. h3 O-O 13. Nf3 Re8 14. Re1 h6
15. b4 Ba7 16. c5 Nxf3+ 17. Bxf3 dxc5 18. bxc5 Bxc5 19. Qb3 c6 20. Red1 Be6 21.
Qc3 Red8 22. a4 Ba7 23. Qe5 Rxd1+ 24. Bxd1 Bb8 25. Qe4 Bxf4 26. Qxf4 Bd5 27. g3
Rd8 28. Rb1 Be6 29. h4 Rc8 30. Rb4 Bd5 31. Bg4 Rd8 32. Rb2 Re8 33. Be2 Be4 34.
Qg4 b5 35. axb5 cxb5 36. Bf1 Qf6 37. Qe2 Bd3 38. Qd2 Rd8 39. Bxd3 Rxd3 40. Qc2
Rc3 41. Qd2 Qc6 42. Rb1 Qc4 43. Rf1 b4 44. Ra1 Rd3 45. Qe2 b3 46. Qb2 Qc2 0-1

[Event "1.Deut.ChessOrgAmatPok Voelklingen GrC"]
[Site "?"]
[Date "2000.10.14"]
[Round "9"]
[White "Cara, Bogdan"]
[Black "Weinz, Andre"]
[Result "1-0"]
[WhiteElo "1331"]
[BlackElo "1288"]
[PlyCount "33"]
[EventDate "2000.??.??"]

1. e4 e6 2. d4 Nc6 3. d5 exd5 4. exd5 Ne5 5. Bf4 Qe7 6. Be2 Nc4 7. b3 Qf6 8.
Bd2 Nxd2 9. Nxd2 Bb4 10. Rb1 Qg6 11. Bf3 Nf6 12. Qe2+ Be7 13. Nh3 Qxc2 14. Ra1
Qc3 15. O-O c6 16. d6 Qc5 17. Qxe7# 1-0

[Event "1.Deut.ChessOrgAmatPok Voelklingen GrC"]
[Site "?"]
[Date "2000.10.14"]
[Round "9"]
[White "Bastian, Stephan"]
[Black "Stoeckchen, Andreas"]
[Result "0-1"]
[WhiteElo "491"]
[BlackElo "1383"]
[PlyCount "58"]
[EventDate "2000.??.??"]

1. e4 c6 2. d4 d5 3. e5 Bf5 4. c4 e6 5. c5 Nd7 6. b4 b6 7. Be3 bxc5 8. bxc5 f6
9. exf6 Ngxf6 10. Nc3 Be7 11. Bg5 O-O 12. Bd3 Bxd3 13. Qxd3 Qa5 14. Nf3 Rfe8
15. O-O Rab8 16. Rab1 Rxb1 17. Rxb1 Rb8 18. Rxb8+ Nxb8 19. h4 Nbd7 20. Ne5 Qc7
21. Ne2 Nxe5 22. dxe5 Qxe5 23. f4 Bxc5+ 24. Kh1 Qa1+ 25. Kh2 Ng4+ 26. Kg3 h5
27. Nd4 Qe1+ 28. Kh3 Nf2+ 29. Kh2 Nxd3 0-1

[Event "1.Deut.ChessOrgAmatPok Voelklingen GrC"]
[Site "?"]
[Date "2000.10.14"]
[Round "9"]
[White "Schreiber, Winfried"]
[Black "Braun, Konstantin"]
[Result "1-0"]
[WhiteElo "1452"]
[BlackElo "282"]
[PlyCount "67"]
[EventDate "2000.??.??"]

1. c4 e5 2. Nc3 Nf6 3. Nf3 Nc6 4. g3 d5 5. cxd5 Nxd5 6. Bg2 g6 7. Nxe5 Nxc3 8.
Bxc6+ bxc6 9. bxc3 Qd5 10. Nf3 Bg7 11. O-O Bh3 12. Re1 O-O 13. e4 Qd7 14. d4
Rab8 15. Ba3 Rfe8 16. Rb1 Qe6 17. Qc2 Qg4 18. Nd2 Bh6 19. f3 Qh5 20. Rxb8 Rxb8
21. Kf2 Be6 22. Rh1 Qg5 23. f4 Qa5 24. Bb4 Qxa2 25. Qxa2 Bxa2 26. Ra1 Be6 27.
Rxa7 Rc8 28. Ba5 c5 29. Rxc7 Rxc7 30. Bxc7 cxd4 31. cxd4 Kf8 32. d5 Bd7 33. d6
Ke8 34. Nc4 1-0